Evolutionary perspectives and projects on harmonisation of private law in the EU

Gespeichert in:
Bibliographische Detailangaben
1. Verfasser: Feiden, Sonja
Weitere Verfasser: Schmid, Christoph U.
Format: Buch
Sprache:Englisch
Veröffentlicht: San Domenico (FI) European University Institute 1999
Schriftenreihe:EUI Working paper LAW No. 99/7
Schlagworte:
Tags: Tag hinzufügen
Keine Tags, Fügen Sie das erste Tag hinzu!

MARC

LEADER 00000nam a2200000 4500
001 c132550
005 20221108121525.5
041 0 |a eng 
044 |a IT 
245 1 0 |a Evolutionary perspectives and projects on harmonisation of private law in the EU  |c Sonja Feiden and Christoph U. Schmid 
264 1 |a San Domenico (FI)  |b European University Institute  |c 1999 
300 |a 124 s. 
490 1 |a EUI Working paper LAW  |v No. 99/7 
830 0 |a EUI Working paper LAW  |v No. 99/7 
610 2 0 |a zákony 
610 2 0 |a legislatíva 
610 2 0 |a projekty 
610 2 0 |a Európska únia 
100 1 |a Feiden, Sonja 
700 1 |a Schmid, Christoph U.